000 01669nam a2200385 i 4500
001 BK0032409431
005 20250619133401.0
008 250519s2025 nyu 000 1 eng d
010 _abl2025048869
020 _a9780316565103 : HRD
_c32.00
020 _a0316565105 : HRD
_c32.00
_qhc.
037 _bLittle Brown & Co, 53 State st 9th Fl, Boston, MA, USA, 02109, (617)2270730
_nSAN 200-2205
040 _aNjBwBT
_beng
_cNjBwBT
_erda
_dNjBwBT
050 1 4 _aPS3603.L5655
_bF57 2025
082 0 4 _a813/.6
_223/eng/20250519
092 _afiction
_bPatterson, James
100 1 _aClinton, Bill,
_d1946-
_eauthor.
245 1 4 _aThe first gentleman :
_ba thriller /
_cBill Clinton and James Patterson.
250 _aFirst edition.
264 1 _aNew York :
_bLittle, Brown and Company ;
_aNew York :
_bAlfred A. Knopf,
_c2025.
300 _a466 pages ;
_c25 cm
336 _atext
337 _aunmediated
338 _avolume
520 _a"The President of the United States is up for reelection. Her husband is on trial for murder. Is the First Gentleman a killer? A pair of brilliant investigative journalists set out to answer that burning question about the NFL star-turned-political spouse"--
650 0 _aPresidents' spouses
_zUnited States
_vFiction.
_95710227
650 0 _aWomen presidents
_zUnited States
_vFiction.
_96447834
650 0 _aMurder
_xInvestigation
_vFiction.
_95673630
650 0 _aJournalists
_vFiction.
655 7 _aPolitical fiction.
_2lcgft
_95674723
655 7 _aThrillers (Fiction)
_2lcgft
655 7 _aNovels.
_2lcgft
700 1 _aPatterson, James,
_d1947-
_eauthor.
_95694
942 _2ddc
_cBOOK
999 _c409058
_d409058